| 000 | 01078pam a2200289 a 4500 | ||
|---|---|---|---|
| 001 | 3033456 | ||
| 003 | NUST - PNEC | ||
| 005 | 20170116181114.0 | ||
| 008 | 950607s1996 enka b 001 0 eng | ||
| 010 | _a 95021367 | ||
| 020 | _a0470235586 (pbk.) | ||
| 020 | _a0470235586 (in the Americas) | ||
| 040 |
_aDLC _cLIBRARY _dDLC |
||
| 050 | 0 | 0 |
_aTS176 _b.P717 1996 |
| 082 | 0 | 0 |
_a670.42 BLA _220 |
| 245 | 0 | 0 |
_aPrinciples of engineering manufacture / _cStewart C. Black ... [et al.]. |
| 250 | _a3rd ed. | ||
| 260 |
_aLondon : _bArnold ; _aNew York : _bHalsted Press, _c1996. |
||
| 300 |
_axiv, 637 p. : _bill. ; _c25 cm. |
||
| 504 | _aIncludes bibliographical references (p. [617]-619) and index. | ||
| 650 |
_aMaechanical engineering _913080 _xME |
||
| 700 | 1 |
_aBlack, Stewart C., _d1930- |
|
| 856 | 4 | 1 |
_3Table of contents only _uhttp://www.loc.gov/catdir/toc/fy0714/95021367.html |
| 906 |
_a7 _bcbc _corignew _d1 _eocip _f19 _gy-gencatlg |
||
| 942 |
_2ddc _cBK |
||
| 999 |
_c69237 _d69237 |
||